| Tag |
First Indicator |
Second Indicator |
Subfields |
| LEADER |
00000nam a2200000Ia 4500 |
| 001 |
in00004245331 |
| 005 |
20200807092034.0 |
| 006 |
m g d |
| 007 |
cr bn |||a|bb| |
| 008 |
840816s1660 enk o 001 | eng d |
| 035 |
|
|
|a (OCoLC)11062150
|
| 040 |
|
|
|a UMI
|c UMI
|d WaOLN
|
| 037 |
|
|
|a CL0037000049
|b ProQuest Information and Learning. 300 N. Zeeb Rd., Ann Arbor, MI 48106
|
| 041 |
1 |
|
|a eng
|h lat
|
| 045 |
|
|
|a u-u-
|
| 090 |
|
|
|a BT70
|b .W64 1660
|
| 049 |
|
|
|a UMIA
|
| 100 |
1 |
|
|a Wolleb, Johannes,
|d 1586-1629.
|
| 240 |
1 |
0 |
|a Christianae theologiae compendium.
|l English.
|f 1660
|
| 245 |
1 |
4 |
|a The abridgment of Christian divinitie :
|b so exactly and methodically compiled that it leads us as it were by the hand to the reading of the Holy Scriptures, ordering of common-places, understanding of controversies, clearing of some cases of conscience /
|c by John Wollebius ; faithfully translated into English ... by Alexander Ross.
|
| 250 |
|
|
|a The third edition
|b to which is adjoyned after the alphabeticall table the anatomy of the whole body of divinity delineated in XIV short tables for the help of weak memories.
|
| 260 |
|
|
|a London :
|b Printed by T. Mabb for Joseph Nevill and are to be sold at his shop...,
|c 1660.
|
| 300 |
|
|
|a 1 online resource ([16], 431, [23] pages)
|
| 336 |
|
|
|a text
|b txt
|2 rdacontent
|
| 337 |
|
|
|a computer
|b c
|2 rdamedia
|
| 338 |
|
|
|a online resource
|b cr
|2 rdacarrier
|
| 500 |
|
|
|a Running title: Christian divinity.
|
| 500 |
|
|
|a Includes index.
|
| 500 |
|
|
|a Reproduction of original in the British Library.
|
| 510 |
4 |
|
|a Wing
|c W3256.
|
| 533 |
|
|
|a Electronic reproduction.
|b Ann Arbor, Mich. :
|c UMI,
|d 1999-
|f (Early English books online)
|n Digital version of: (Early English books, 1641-1700 ; 1433:13)
|7 s1999 miun s
|
| 650 |
|
0 |
|a Theology, Doctrinal
|v Early works to 1800.
|
| 650 |
|
0 |
|a Apologetics.
|
| 740 |
0 |
|
|a Christian divinity.
|
| 830 |
|
0 |
|a Early English books online.
|
| 856 |
4 |
0 |
|u http://proxy.library.tamu.edu/login?url=https://search.proquest.com/docview/2248518869
|z Connect to the full text of this electronic book
|t 0
|
| 999 |
f |
f |
|s 323551bb-e3f2-3fe9-bc84-780769158897
|i d6fa8a46-edd8-3bdf-a580-40ec7d150eba
|t 0
|
| 952 |
f |
f |
|a Texas A&M University
|b College Station
|c Electronic Resources
|d Available Online
|t 0
|e BT70 .W64 1660
|h Library of Congress classification
|
| 998 |
f |
f |
|a BT70 .W64 1660
|t 0
|l Available Online
|